The noble scholar, jurist, historian


 His Excellency Dr. Abdul Wahhab bin Ibrahim Abu Sulaiman, may Allah have mercy on him.


 He was born in Umm Al-Qura in the year 1356 AH.

توثيق الترجمة والتعريب / (Record no. 847)

MARC details
000 -LEADER
fixed length control field 01357cam a22003251i 4500
003 - CONTROL NUMBER IDENTIFIER
control field SA-RiAUC
005 - DATE AND TIME OF LATEST TRANSACTION
control field 20241003142801.0
008 - FIXED-LENGTH DATA ELEMENTS--GENERAL INFORMATION
fixed length control field 241002s2003 su g b f00100 ara c
020 ## - INTERNATIONAL STANDARD BOOK NUMBER
International Standard Book Number 9960002306
040 ## - CATALOGING SOURCE
Original cataloging agency LebU
Language of cataloging ara
Transcribing agency SA-RiAUC
Description conventions rda
050 #4 - LIBRARY OF CONGRESS CALL NUMBER
Item number .S89 2003
082 04 - DEWEY DECIMAL CLASSIFICATION NUMBER
Classification number 418.02
090 ## - LOCALLY ASSIGNED LC-TYPE CALL NUMBER (OCLC); LOCAL CALL NUMBER (RLIN)
Classification number (OCLC) (R) ; Classification number, CALL (RLIN) (NR) 418.02
Local cutter number (OCLC) ; Book number/undivided call number, CALL (RLIN) ص و ي
100 1# - MAIN ENTRY--PERSONAL NAME
Personal name الصوينع، علي سليمان علي،
Dates associated with a name 1370 هجري-
Relator term مؤلف.
245 10 - TITLE STATEMENT
Title توثيق الترجمة والتعريب /
Statement of responsibility, etc. تأليف علي بن سليمان الصوينع.
250 ## - EDITION STATEMENT
Edition statement الطبعة الأولى.
264 #1 - PRODUCTION, PUBLICATION, DISTRIBUTION, MANUFACTURE, AND COPYRIGHT NOTICE
Place of production, publication, distribution, manufacture الرياض :
Name of producer, publisher, distributor, manufacturer مكتبة الملك فهد الوطنية،
Date of production, publication, distribution, manufacture, or copyright notice 2003
300 ## - PHYSICAL DESCRIPTION
Extent 226 صفحة ؛
Dimensions 24 سم.
336 ## - CONTENT TYPE
Content type term نص
Content type code txt
Source rdacontent
Materials specified كتاب
337 ## - MEDIA TYPE
Media type term بدون وسيط
Media type code n
Source rdamedia
338 ## - CARRIER TYPE
Carrier type term مجلد
Carrier type code nc
Source rdacarrier
490 0# - SERIES STATEMENT
Series statement مطبوعات مكتبة الملك فهد الوطنية ؛
Volume/sequential designation السلسلة الثانية ؛
-- 42
500 ## - GENERAL NOTE
General note يشتمل على كشاف باللغة اللاتينية.
504 ## - BIBLIOGRAPHY, ETC. NOTE
Bibliography, etc. note ببليوجرافية : صفحة 179-180.
504 ## - BIBLIOGRAPHY, ETC. NOTE
Bibliography, etc. note يشتمل على إرجاعات ببليوجرافية.
520 0# - SUMMARY, ETC.
Summary, etc. يتناول الكتاب الترجمة والتعريب.
650 #7 - SUBJECT ADDED ENTRY--TOPICAL TERM
Topical term or geographic name entry element الترجمة العربية
Source of heading or term aucsh
942 ## - ADDED ENTRY ELEMENTS (KOHA)
Source of classification or shelving scheme Dewey Decimal Classification
Koha item type Books
Suppress in OPAC No
949 ## - LOCAL PROCESSING INFORMATION (OCLC)
a SA-JeALM
d 241002
u mohamedma123
n 1
Holdings
Withdrawn status Lost status Source of classification or shelving scheme Damaged status Not for loan Home library Current library Date acquired Total checkouts Full call number Barcode Date last seen Price effective from Koha item type
    Dewey Decimal Classification     DR AbdElwahab Library DR AbdElwahab Library 10/03/2024   418.02 ص و ي 000001170 10/03/2024 10/03/2024 Books
    Dewey Decimal Classification     DR AbdElwahab Library DR AbdElwahab Library 05/09/2025   418.02 ص و ي 000012847 05/09/2025 05/09/2025 Books